[Event "Eq:Avalon-LES CHATTERBOX :"]
[Site "www.echecsemail.com"]
[Date "2026.02.10"]
[Round "1"]
[White "Onetwoyve"]
[Black "Sierra117"]
[WhiteElo "1920"]
[BlackElo "1690"]
[Result "1-0"]
1.e4 e5
2.Ng1f3 Nb8c6
3.Bf1b5 a6
4.Bb5xc6 dxc6
5.d3 f6
6.c3 c5
7.d4 cxd4
8.cxd4 exd4
9.Qd1xd4 Qd8xd4
10.Nf3xd4 Bf8c5
11.Bc1e3 Bc5xd4
12.Be3xd4 Bc8d7
13.O-O O-O-O
14.Nb1c3 Bd7c6
15.Bd4e3 Ng8e7
16.Rf1d1 Ne7g6
17.f4 h5
18.Kf2 Ng6e7
19.g3 Rd8xd1
20.Ra1xd1 Rh8d8
21.Rd1d4 Rd8xd4
22.Be3xd4 Kd7
23.h3 b5
24.a3 a5
25.Bd4c5 Ne7c8
26.f5 Bc6b7
27.Kf3 Nc8d6
28.Bc5xd6 cxd6
29.Nc3xb5 Kc6
30.Nb5d4 Kd7
31.Nd4e6 d5
32.Ne6c5 Kc6
33.Nc5xb7 dxe4
34.Kxe4 Kxb7
35.Kd5 Kc7
36.Kc5 Kd7
37.Kb5 Kd6
38.Kxa5 Ke5
39.g4 hxg4
40.hxg4 Kf4
41.Kb5 Kxg4
42.a4 { abandon }1-0

[Event "gewinner"]
[Site "www.echecsemail.com"]
[Date "2026.02.10"]
[Round "1"]
[White "4x4"]
[Black "Anton17"]
[WhiteElo "1510"]
[BlackElo "1420"]
[Result "0-1"]
1.e4 e5
2.f4 Nb8c6
3.d3 Ng8f6
4.f5 Bf8c5
5.Ng1f3 Nf6g4
6.Nb1c3 Ng4f2
7.Qd1e2 Nf2xh1
8.g3 Bc5f2
9.Kd1 O-O
10.Bf1g2 Bf2b6
11.Bg2xh1 Nc6d4
12.Nf3xd4 Bb6xd4
13.Bc1e3 Bd4xe3
14.Qe2xe3 d6
15.Kd2 h6
16.Ra1f1 Qd8g5
17.Qe3xg5 hxg5
18.Nc3d5 c6
19.Nd5e7 Kh7
20.Ne7xc8 Ra8xc8
21.h3 f6
22.g4 Rc8d8
23.b3 d5
24.Ke3 dxe4
25.Bh1xe4 Rf8e8
26.c3 a5
27.d4 exd4
28.cxd4 Re8e7
29.Rf1d1 Rd8e8
30.Kf3 Re7xe4
31.d5 Re4f4
32.Kg3 Re8e3
33.Kg2 cxd5
34.Rd1xd5 g6
35.Rd5d7 Kg8
36.fxg6 Rf4f3
37.Rd7xb7 Rf3g3
38.Kf2 Rg3xh3
39.Rb7b5 Re3e5
40.a4 Re5xb5
41.axb5 Rh3xb3
42.b6 Rb3xb6
43.Ke3 Rb6b4
44.Kf3 a4
45.Kg3 a3
46.Kf3 a2
47.Kg3 a1Q
48.Kf3 Qa1a3
49.Ke2 Rb4b2
50.Kd1 Qa3a1
0-1

[Event "Olivier"]
[Site "www.echecsemail.com"]
[Date "2026.02.10"]
[Round "1"]
[White "Emmanuel"]
[Black "Dameroi"]
[WhiteElo "1970"]
[BlackElo "1880"]
[Result "1-0"]
1.b3 e5
2.Bc1b2 d6
3.e3 Bc8e6
4.Bf1b5 c6
5.Bb5e2 Ng8f6
6.c4 Bf8e7
7.f4 exf4
8.exf4 O-O
9.Ng1f3 Nf6e8
10.O-O Be7f6
11.d4 h6
12.Nb1d2 d5
13.Nf3e5 Nb8d7
14.Rf1f3 Nd7xe5
15.dxe5 Bf6e7
16.f5 Be6c8
17.Be2f1 Be7c5
18.Kh1 f6
19.e6 Ne8c7
20.Rf3h3 Kh7
21.Qd1g4 Qd8e8
22.Nd2f3 Nc7xe6
23.fxe6 Bc8xe6
24.Bf1d3 Kh8
25.Bd3f5 Be6xf5
26.Qg4xf5 Qe8e4
27.Qf5h5 d4
28.Ra1e1 Qe4c2
29.Bb2c1 Kg8
30.Qh5xc5 Qc2c3
31.Qc5f5 d3
32.Qf5g6 Kh8
33.Bc1xh6 { abandon }1-0

[Event "Tournoi n27428"]
[Site "www.echecsemail.com"]
[Date "2026.02.10"]
[Round "1"]
[White "Legrillon"]
[Black "Tiounet"]
[WhiteElo "1760"]
[BlackElo "1580"]
[Result "1-0"]
1.e4 a6
2.d4 b5
3.c4 bxc4
4.Bf1xc4 Bc8b7
5.d5 g6
6.Bc1g5 Bf8g7
7.Qd1d2 Ng8f6
8.Nb1c3 O-O
9.Bg5h6 Rf8e8
10.Bh6xg7 Kxg7
11.Ng1f3 d6
12.O-O c6
13.Ra1d1 cxd5
14.exd5 Nb8d7
15.Qd2g5 Nd7b6
16.Bc4b3 Ra8c8
17.h3 Rc8c5
18.Rf1e1 a5
19.a4 h6
20.Qg5f4 Nb6xd5
21.Nc3xd5 Nf6xd5
22.Bb3xd5 Bb7xd5
23.Qf4d4 e5
24.Nf3xe5 f6
25.Ne5g4 Re8xe1
26.Rd1xe1 h5
27.Ng4e3 Bd5b3
28.Qd4d3 Bb3xa4
29.b3 Ba4b5
30.Qd3d4 Rc5e5
31.f4 Re5c5
32.Ne3d5 Bb5c6
33.Re1e7 Kh6
34.Qd4xf6 Qd8a8
35.Qf6g5 1-0

[Event "Eq:Les enfants de l Atlantide-Pirates du Mat :"]
[Site "www.echecsemail.com"]
[Date "2026.02.10"]
[Round "1"]
[White "Machja"]
[Black "Majula"]
[WhiteElo "1780"]
[BlackElo "1620"]
[Result "1-0"]
1.e4 e5
2.Ng1f3 Nb8c6
3.d4 exd4
4.Nf3xd4 Bf8c5
5.Bc1e3 Nc6xd4
6.Be3xd4 Bc5xd4
7.Qd1xd4 Qd8f6
8.Qd4c4 c6
9.Nb1c3 b5
10.Qc4c5 Qf6e7
11.Qc5xe7 Ng8xe7
12.Bf1d3 O-O
13.O-O Ne7g6
14.Rf1e1 d6
15.a4 b4
16.Nc3e2 c5
17.c3 a5
18.Bd3b5 f6
19.Ne2g3 Ng6f4
20.Ra1d1 Rf8d8
21.Bb5c6 Ra8a7
22.Ng3f5 Bc8d7
23.Bc6xd7 Ra7xd7
24.f3 c4
25.Nf5d4 Nf4d3
26.Re1e2 Nd3f4
27.Re2d2 Rd8c8
28.Nd4b5 Nf4d3
29.Kf1 g6
30.h4 Rc8c5
31.g4 h6
32.cxb4 axb4
33.b3 d5
34.exd5 Nd3f4
35.bxc4 Rc5xc4
36.d6 b3
37.Rd2d4 Rc4c2
38.Rd4xf4 b2
39.Nb5a3 Rc2c1
40.Rf4d4 Rc1c3
41.Na3b1 Rc3c1
42.Ke2 Kf7
43.Rd4b4 Rc1xd1
44.Kxd1 Rd7xd6
45.Kc2 Rd6e6
46.Rb4b7 Re6e7
47.Rb7xe7 Kxe7
48.Kxb2 Kd7
49.Kb3 Kc6
50.Kb4 Kb6
51.Nb1c3 { abandon }1-0

[Event "Eq:Les enfants de l Atlantide-Pirates du Mat :"]
[Site "www.echecsemail.com"]
[Date "2026.02.10"]
[Round "1"]
[White "Majula"]
[Black "Machja"]
[WhiteElo "1620"]
[BlackElo "1780"]
[Result "1-0"]
1.d4 d5
2.c4 c6
3.c5 a5
4.Ng1f3 Bc8f5
5.Bc1f4 Nb8a6
6.Qd1b3 Qd8d7
7.h3 Ng8f6
8.Nb1c3 Na6b4
9.Ra1c1 e6
10.a3 Nb4c2
11.Rc1xc2 Bf5xc2
12.Qb3xc2 Bf8e7
13.g4 O-O
14.e3 Ra8a6
15.Bf1xa6 bxa6
16.Qc2b3 Nf6e4
17.Nc3xe4 dxe4
18.Nf3e5 Qd7c8
19.Qb3b6 Be7d8
20.Ne5xc6 Bd8xb6
21.Nc6e7 Kh8
22.Ne7xc8 Rf8xc8
23.O-O Bb6c7
24.Bf4xc7 Rc8xc7
25.f4 exf3
26.Rf1xf3 Kg8
27.e4 Rc7b7
28.b3 a4
29.b4 Rb7d7
30.Rf3d3 Kf8
31.Kf2 Rd7d8
32.d5 Ke7
33.d6 Kd7
34.e5 Kc6
35.Ke3 h6
36.Ke4 Rd8d7
37.Kd4 Rd7a7
38.h4 h5
39.g5 Kb5
40.Rd3c3 Kc6
41.g6 fxg6
42.Rc3f3 g5
43.hxg5 h4
44.g6 a5
45.Rf3f7 Ra7d7
46.b5 Kxb5
47.Rf7xd7 { abandon }1-0

[Event "Noël 2025 n1"]
[Site "www.echecsemail.com"]
[Date "2026.02.10"]
[Round "1"]
[White "Morphy6"]
[Black "Alain64"]
[WhiteElo "2120"]
[BlackElo "2090"]
[Result "1-0"]
1.e4 c5
2.Ng1f3 Nb8c6
3.Nb1c3 d6
4.h3 Ng8f6
5.d4 cxd4
6.Nf3xd4 Nc6xd4
7.Qd1xd4 e6
8.Bf1e2 Bf8e7
9.O-O O-O
10.Bc1e3 b6
11.Rf1d1 Bc8b7
12.Be2c4 Ra8c8
13.Bc4b3 Rf8e8
14.e5 dxe5
15.Qd4xe5 Qd8c7
16.Qe5xc7 Rc8xc7
17.Nc3b5 Rc7d7
18.Nb5xa7 Rd7xd1
19.Ra1xd1 Nf6d5
20.Bb3xd5 Bb7xd5
21.Be3xb6 Bd5xa2
22.b3 Be7f6
23.Na7c6 g6
24.Nc6b4 Re8a8
25.Nb4xa2 Ra8xa2
26.c4 Ra2b2
27.Rd1d3 Bf6e5
28.g3 h5
29.h4 Be5d6
30.Rd3xd6 { abandon }1-0

[Event "1801"]
[Site "www.echecsemail.com"]
[Date "2026.02.10"]
[Round "1"]
[White "Qsdmlk"]
[Black "Katastrofic"]
[WhiteElo "1550"]
[BlackElo "1370"]
[Result "0-1"]
1.d4 d5
2.Ng1f3 e6
3.Bc1g5 Bf8e7
4.Bg5f4 Ng8f6
5.e3 O-O
6.Bf1d3 h6
7.O-O a6
8.Nb1d2 b5
9.a3 Nb8c6
10.b4 Nf6h7
11.c3 Be7g5
12.e4 Bg5xf4
13.a4 Bc8b7
14.axb5 axb5
15.Ra1b1 Ra8a3
16.Qd1c2 Bf4xd2
17.Qc2xd2 Qd8d7
18.Bd3xb5 Bb7a6
19.Bb5xa6 Ra3xa6
20.b5 Ra6b6
21.bxc6 Qd7e7
22.Nf3e5 Rb6xb1
23.Rf1xb1 Nh7f6
24.exd5 exd5
25.Rb1b7 Rf8c8
26.Qd2e3 Nf6e4
27.Qe3h3 Qe7e6
28.Qh3f3 Ne4d6
29.g3 Nd6c4
30.Ne5xc4 dxc4
31.d5 Qe6e1
32.Kg2 Qe1e5
33.Qf3g4 Qe5xd5
34.f3 Qd5e6
35.Qg4xe6 fxe6
36.f4 Kf7
37.Kf3 Ke7
38.Ke4 Kd6
39.Kd4 Kxc6
40.Rb7b4 Rc8d8
41.Ke5 Rd8d2
42.h4 Rd2e2
43.Kd4 Re2g2
44.Rb4xc4 Kd6
45.Ke4 Rg2xg3
46.Rc4d4 Ke7
47.Rd4c4 Rg3g4
48.Rc4xc7 Kf6
49.c4 Rg4xh4
50.c5 Rh4h2
51.Rc7c6 Rh2c2
52.f5 Rc2e2
53.Kf3 Re2c2
54.Ke4 Rc2e2
55.Kd4 Kxf5
56.Rc6c7 g6
57.Kc4 h5
58.Kb5 h4
59.c6 Kg4
60.Kb6 Re2b2
61.Ka7 h3
62.Rc7g7 g5
63.Rg7h7 h2
64.c7 Rb2c2
65.Kb8 Rc2b2
66.Kc8 Kg3
67.Kd8 Rb2c2
68.c8Q Rc2xc8
69.Kxc8 Kg2
70.Kd7 g4
71.Kxe6 h1Q
72.Rh7xh1 Kxh1
73.Kf5 g3
74.Kf4 g2
{ abandon }0-1

[Event "Tournoi n27445"]
[Site "www.echecsemail.com"]
[Date "2026.02.10"]
[Round "1"]
[White "Bertelsen"]
[Black "Wenoketo"]
[WhiteElo "1710"]
[BlackElo "1720"]
[Result "1-0"]
1.c4 e5
2.g3 c6
3.Bf1g2 d5
4.cxd5 cxd5
5.d3 Ng8f6
6.e3 Nb8d7
7.Nb1c3 Bf8d6
8.Ng1e2 Nd7b6
9.b3 O-O
10.O-O Bc8e6
11.d4 e4
12.f4 Qd8d7
13.Qd1e1 Be6h3
14.Qe1f2 Bh3xg2
15.Qf2xg2 a6
16.a4 Nb6c8
17.Bc1a3 Bd6xa3
18.Ra1xa3 Nc8e7
19.Rf1b1 Rf8c8
20.Nc3d1 Qd7d6
21.Ra3a1 Rc8c6
22.h3 Ra8c8
23.Rb1c1 Rc6xc1
24.Ne2xc1 h6
25.g4 Qd6c6
26.Qg2b2 Qc6c2
27.Qb2xc2 Rc8xc2
28.Kf1 Rc2h2
29.Nd1f2 Ne7g6
30.Kg1 Rh2xf2
31.Kxf2 Ng6e7
32.Nc1e2 Ne7c6
33.Ra1b1 Nc6b4
34.Ne2c1 Nf6e8
35.h4 g6
36.Rb1a1 a5
37.Ke2 Ne8c7
38.Kd2 Kg7
39.Nc1e2 f6
40.Ra1b1 f5
41.g5 h5
42.Rb1c1 Nc7a6
43.Ne2c3 Nb4d3
44.Rc1f1 Na6c7
45.Nc3b5 Nc7xb5
46.axb5 b6
47.Kc3 Kf7
48.Rf1b1 Ke6
49.Rb1a1 Kd6
50.b4 Nd3xb4
51.Kb3 Nb4d3
52.Kc3 Kd7
53.Ra1a2 Nd3e1
54.Kb3 Ne1f3
55.Ra2c2 Nf3xh4
56.Rc2c6 Nh4g2
57.Rc6xg6 Ng2xe3
58.Rg6xb6 Ne3g2
59.Rb6h6 Ng2xf4
60.g6 Nf4e6
61.Rh6h7 Kc8
62.g7 Ne6xg7
63.Rh7xg7 e3
64.Ka4 Kd8
65.b6 Kc8
66.Kxa5 f4
67.b7 { abandon }1-0

[Event "Défi( 10J+24H/c 10J Max )"]
[Site "www.echecsemail.com"]
[Date "2026.02.10"]
[Round "1"]
[White "Cavalierfou"]
[Black "Pascalou50"]
[WhiteElo "1770"]
[BlackElo "1830"]
[Result "1-0"]
1.e4 e6
2.d4 d5
3.e5 c5
4.Ng1f3 Nb8c6
5.Bf1b5 Bc8d7
6.Bb5xc6 Bd7xc6
7.Bc1e3 Qd8b6
8.b3 Bc6b5
9.Nb1d2 Qb6c7
10.c4 dxc4
11.bxc4 cxd4
12.Be3xd4 Bb5d7
13.O-O Bf8c5
14.Bd4xc5 Qc7xc5
15.Qd1e2 Ng8e7
16.Nd2b3 Qc5c7
17.a4 O-O
18.Rf1d1 Bd7c6
19.Nf3d4 Rf8d8
20.Rd1d2 b6
21.a5 Rd8d7
22.Qe2d1 Ra8d8
23.axb6 Qc7xb6
24.c5 Qb6b4
25.h3 Bc6d5
26.Nb3a5 Bd5xg2
27.Nd4c6 Bg2xc6
28.Na5xc6 Qb4xd2
29.Qd1xd2 Rd7xd2
30.Nc6xe7 Kf8
31.Ra1xa7 Rd8d7
32.Ne7c8 Rd7xa7
33.Nc8xa7 Rd2d5
34.c6 Ke7
35.c7 Rd5c5
36.c8Q Rc5xc8
37.Na7xc8 Kd7
38.Nc8d6 f6
39.exf6 gxf6
40.Nd6e4 Ke7
41.Kg2 h6
42.Kg3 f5
43.Ne4d2 Kf6
44.f4 e5
45.Nd2f3 exf4
46.Kxf4 Kg6
47.Nf3h4 Kf6
48.Nh4xf5 Kg6
49.Nf5g3 Kf6
50.h4 Kg6
51.h5 Kh7
52.Ng3f5 Kh8
53.Nf5xh6 Kh7
54.Kg5 Kh8
55.Kf6 Kh7
56.Nh6f7 Kg8
57.h6 Kh7
58.Kg5 Kg8
59.Kg6 Kf8
60.h7 { abandon }1-0

[Event "Coupe Niveau 3"]
[Site "www.echecsemail.com"]
[Date "2026.02.10"]
[Round "1"]
[White "Senegaulois"]
[Black "Panchoa"]
[WhiteElo "1860"]
[BlackElo "1630"]
[Result "1-0"]
1.e4 e5
2.Ng1f3 Nb8c6
3.Bf1b5 Bf8c5
4.c3 Ng8f6
5.d3 O-O
6.O-O Nc6e7
7.Nf3xe5 c6
8.Bb5a4 b5
9.Ba4c2 d6
10.Ne5f3 Bc8b7
11.d4 Bc5b6
12.Bc1g5 Ne7g6
13.Rf1e1 c5
14.Nb1d2 d5
15.e5 { abandon }1-0

[Event "Coupe Niveau 6"]
[Site "www.echecsemail.com"]
[Date "2026.02.10"]
[Round "1"]
[White "Carrighir"]
[Black "Alain64"]
[WhiteElo "2100"]
[BlackElo "2060"]
[Result "0-1"]
1.e4 c5
2.Ng1f3 Nb8c6
3.Bf1c4 e6
4.d4 cxd4
5.Nf3xd4 a6
6.O-O Qd8c7
7.Nb1c3 Ng8f6
8.Rf1e1 b5
9.Bc4b3 Bc8b7
10.Bc1g5 Bf8e7
11.Nd4xc6 dxc6
12.e5 Nf6d5
13.Nc3e4 O-O
14.Qd1g4 Be7xg5
15.Qg4xg5 h6
16.Qg5g4 Qc7xe5
17.Ne4c5 Qe5c7
18.Ra1d1 Ra8e8
19.Re1e5 Qc7xe5
20.Nc5xb7 Qe5xb2
21.Nb7c5 a5
22.a4 Nd5f6
23.Qg4e2 Re8d8
24.Rd1e1 bxa4
25.Nc5xa4 Qb2d4
26.Qe2f3 Qd4d2
27.Re1f1 Nf6d5
28.g3 e5
29.Rf1d1 Qd2b4
30.Na4b2 e4
31.Qf3f5 Nd5e7
32.Qf5xf7 Rf8xf7
33.Rd1xd8 Kh7
34.Bb3xf7 Qb4xb2
{ abandon }0-1

[Event "Tournoi n27360"]
[Site "www.echecsemail.com"]
[Date "2026.02.10"]
[Round "1"]
[White "Louis67"]
[Black "Nbelnico"]
[WhiteElo "1420"]
[BlackElo "1690"]
[Result "1-0"]
1.d4 d5
2.Nb1c3 Bc8f5
3.e4 dxe4
4.Bf1e2 e6
5.f3 exf3
6.Ng1xf3 a6
7.Bc1e3 Bf8b4
8.Qd1d2 h6
9.Nf3h4 Bf5h7
10.O-O Qd8xh4
11.d5 Bb4d6
12.Nc3e4 Qh4xh2
13.Kf2 Bh7xe4
14.Be2f3 Bd6g3
15.Ke2 Qh2xg2
16.Bf3xg2 Be4xg2
17.Rf1g1 Bg3d6
18.Rg1xg2 Bd6e5
19.dxe6 fxe6
20.Be3d4 Nb8c6
21.Bd4xe5 Nc6xe5
22.Rg2xg7 Ra8d8
23.Qd2c3 Ne5f7
24.Qc3xc7 Ng8e7
25.Ra1f1 Rh8f8
26.Qc7xb7 Rd8d7
27.Qb7xa6 Rd7d5
28.Qa6a4 Rd5d7
29.Rf1d1 Nf7e5
30.Qa4b5 { abandon }1-0

[Event "Tournoi n27401"]
[Site "www.echecsemail.com"]
[Date "2026.02.11"]
[Round "1"]
[White "Odemevol"]
[Black "Breton"]
[WhiteElo "1950"]
[BlackElo "1960"]
[Result "1-0"]
1.d4 d5
2.c4 e6
3.Ng1f3 Ng8f6
4.g3 Bf8b4
5.Bc1d2 c5
6.Bd2xb4 cxb4
7.Qd1a4 Nb8c6
8.Nf3e5 Qd8b6
9.e3 O-O
10.Ne5xc6 bxc6
11.c5 Qb6b7
12.Bf1g2 a5
13.Nb1d2 Nf6d7
14.f4  { temps }1-0

[Event "Eq:au plaisir du jeux -Les Rois du Succes :"]
[Site "www.echecsemail.com"]
[Date "2026.02.11"]
[Round "1"]
[White "Ozon"]
[Black "Marathonman"]
[WhiteElo "1670"]
[BlackElo "2050"]
[Result "0-1"]
1.e4 e5
2.Nb1c3 a6
3.Ng1f3 Nb8c6
4.a3 Bf8c5
5.Bf1c4 h6
6.d3 d6
7.Qd1e2 Nc6d4
8.Nf3xd4 Bc5xd4
9.Bc1e3 Bd4xc3
10.bxc3 Qd8f6
11.O-O Ng8e7
12.Ra1b1 O-O
13.a4 b6
14.d4 Qf6g6
15.Bc4d3 Bc8h3
16.Qe2f3 Bh3g4
17.Qf3g3 Bg4d7
18.Qg3xg6 Ne7xg6
19.d5 Bd7xa4
20.Rb1b4 Ba4d7
21.Rb4c4 Rf8c8
22.Rc4b4 a5
23.Rb4b1 Rc8f8
24.Bd3b5 Bd7xb5
25.Rb1xb5 Ng6f4
26.Rf1e1 f6
27.c4 h5
28.f3 h4
29.h3 a4
30.Be3c1 a3
31.Rb5b1 Ra8a4
32.Bc1xf4 a2
33.Rb1a1 exf4
34.Re1c1 Rf8a8
35.c3 Ra4xc4
36.Rc1c2 Rc4a4
37.c4 Kh7
38.Rc2b2 Kg6
39.Rb2b5 Ra4xc4
40.Rb5b2 Rc4a4
41.Rb2c2 Ra8a7
42.Kf1 f5
43.Rc2e2 fxe4
44.fxe4 Kf6
45.Re2f2 Ke5
46.Rf2e2 g5
47.Kf2 b5
48.Kf3 Ra4a3
49.Kg4 Ra3g3
50.Kh5 b4
51.Ra1xa2 Ra7xa2
52.Re2xa2 b3
53.Ra2b2 Kxe4
54.Rb2f2 Kxd5
55.Kg6 c5
56.Rf2b2 c4
57.Kf5 c3
58.Rb2xb3 c2
{ abandon }0-1

[Event "Défi"]
[Site "www.echecsemail.com"]
[Date "2026.02.11"]
[Round "1"]
[White "Khamis"]
[Black "Plaisance"]
[WhiteElo "1920"]
[BlackElo "1960"]
[Result "0-1"]
1.d4 f5
2.c4 e6
3.Nb1c3 Ng8f6
4.Bc1g5 h6
5.Bg5h4 g5
6.e4 d6
7.e5 dxe5
8.dxe5 Qd8xd1
9.Ra1xd1 Nf6d7
10.Bh4g3 f4
11.Ng1f3 fxg3
12.hxg3 Bf8e7
13.Nc3b5 Nb8a6
14.a3 b6
15.Bf1d3 Kf7
16.Bd3e4 Ra8b8
17.Nb5xa7 Nd7c5
18.Be4c2 Bc8b7
19.Rd1d4 c6
20.b4 Rb8a8
21.Na7xc6 Bb7xc6
22.bxc5 Be7xc5
23.Rd4d3 Kg7
24.O-O Ra8d8
25.Rf1a1 Rd8a8
26.Rd3d2 Ra8d8
27.Rd2xd8 Rh8xd8
28.Nf3e1 Rd8f8
29.Ne1d3 Bc5d4
30.Ra1f1 Bc6e4
31.Kh2 Be4xd3
32.Bc2xd3 Bd4xf2
33.g4 Na6c5
34.Bd3c2 Bf2g3
35.Kg1 Bg3xe5
36.Rf1b1 Be5c7
37.Rb1f1 Nc5d7
38.Rf1e1 Rf8f6
39.Re1d1 Nd7e5
40.Rd1d4 Rf6f4
41.Rd4xf4 gxf4
42.Bc2b3 Kf6
 { temps }0-1

[Event "Olivier"]
[Site "www.echecsemail.com"]
[Date "2026.02.11"]
[Round "1"]
[White "Connecticcut"]
[Black "Emmanuel"]
[WhiteElo "1910"]
[BlackElo "1970"]
[Result "0-1"]
1.e4 d5
2.exd5 Ng8f6
3.Nb1c3 Bc8g4
4.f3 Bg4f5
5.Bf1d3 Qd8d7
6.Bd3xf5 Qd7xf5
7.d3 e6
8.dxe6 fxe6
9.Ng1e2 Bf8e7
10.O-O O-O
11.Ne2g3 Qf5g6
12.Nc3e4 Be7d6
13.Ne4xd6 cxd6
14.b3 Nb8d7
15.Bc1b2 Nf6d5
16.Rf1e1 Nd5f4
17.Re1e3 e5
18.d4 Ra8e8
19.dxe5 Nd7xe5
20.Bb2a3 Rf8f6
21.Ba3b2 Rf6e6
22.Bb2xe5 dxe5
23.Re3e4 h5
24.Qd1d2 h4
25.Re4xf4 exf4
26.Ng3e4 h3
27.g3 fxg3
28.hxg3 Re6xe4
29.fxe4 Qg6xg3
30.Kh1 Qg3f3
31.Kh2 Re8xe4
32.Ra1e1 Re4xe1
{ abandon }0-1

[Event "Défi( 10J+24H/c 10J Max )"]
[Site "www.echecsemail.com"]
[Date "2026.02.11"]
[Round "1"]
[White "Poison"]
[Black "Minon"]
[WhiteElo "1070"]
[BlackElo "1910"]
[Result "0-1"]
1.Ng1f3 Ng8f6
2.Nb1c3 Nb8c6
3.e3 e5
4.Bf1b5 Bf8b4
5.Bb5xc6 dxc6
6.Nf3xe5 Bb4xc3
7.bxc3 O-O
8.O-O Rf8e8
9.Ne5c4 Bc8e6
10.d3 Be6xc4
11.dxc4 Qd8xd1
12.Rf1xd1 Nf6e4
13.Bc1a3 Ne4xc3
14.Rd1d3 Nc3e4
15.f3 Ne4f6
16.Ba3c5 b6
17.Bc5d4 c5
18.Bd4xf6 gxf6
19.a4 Re8e7
20.a5 Ra8e8
21.axb6 axb6
22.e4 f5
23.exf5 Re7e3
24.Rd3xe3 Re8xe3
25.Ra1a7 c6
26.Ra7a6 b5
27.Ra6xc6 bxc4
28.Rc6xc5 Re3c3
29.Rc5c8 Kg7
30.Rc8e8 Rc3xc2
31.h4 c3
32.Kh2 Rc2c1
33.Kh3 c2
34.f6 Kxf6
35.g4 Rc1h1
36.Kg3 c1Q
37.g5 Kf5
38.Re8h8 Qc1f4
39.Kf2 Rh1h2
40.Kg1 Qf4g3
41.Kf1 Qg3f2
0-1

[Event "Défi( 10J+24H/c 10J Max )"]
[Site "www.echecsemail.com"]
[Date "2026.02.11"]
[Round "1"]
[White "Ziviol"]
[Black "Anumisme"]
[WhiteElo "1400"]
[BlackElo "1160"]
[Result "0-1"]
1.c3 e5
2.d4 Bf8d6
3.Ng1f3 Qd8e7
4.Bc1g5 f6
5.e4 fxg5
6.Bf1c4 Ng8f6
7.Nf3xg5 Rh8f8
8.O-O h6
9.Qd1h5 Nf6xh5
10.Ng5f3 Nh5f4
11.g3 Nf4g6
12.b4 Qe7f6
13.Nb1d2 Nb8c6
14.b5 Nc6a5
15.Bc4e2 b6
16.dxe5 Bd6xe5
17.Ra1c1 d6
18.c4 Bc8e6
19.a4 Be6h3
20.Rf1e1 O-O-O
21.Rc1b1 Kb7
22.Nd2b3 Na5xb3
23.Rb1xb3 Be5c3
24.Re1c1 Rf8e8
25.Rb3xc3 Re8xe4
26.Rc3c2 Ng6e7
27.Nf3e1 Ne7g6
28.Be2f3 d5
29.Bf3xe4 dxe4
30.Rc2e2 Rd8d4
31.c5 Ng6e5
32.c6 Kc8
33.f4 Bh3g4
34.Re2f2 Ne5g6
35.Kg2 e3
36.Rf2f1 h5
37.h3 Bg4e6
38.Ne1c2 Rd4d2
39.Kg1 Be6c4
40.Rf1e1 e2
41.Nc2e3 Qf6d4
42.Kf2 Bc4e6
43.Re1xe2 Be6xh3
44.Ke1 Rd2xe2
45.Kxe2 Qd4b2
46.Rc1c2 Qb2b3
47.Rc2d2 Qb3xa4
48.f5 Qa4xb5
49.Kf2 Qb5xc6
50.Ne3d5 Bh3xf5
51.Nd5e3 Bf5g4
52.Ne3f1 Qc6f3
53.Ke1 Bg4h3
54.Rd2f2 Qf3c3
55.Nf1d2 Qc3e5
56.Rf2e2 Qe5xg3
57.Re2f2 Ng6e5
58.Ke2 Bh3g4
59.Ke1 Ne5d3
60.Kf1 Qg3xf2
0-1

[Event "Défi( 10J+24H/c 10J Max )"]
[Site "www.echecsemail.com"]
[Date "2026.02.11"]
[Round "1"]
[White "Bournivergne"]
[Black "Jerem51"]
[WhiteElo "2290"]
[BlackElo "2230"]
[Result "1-0"]
1.e4 e6
2.d4 d5
3.Nb1d2 Ng8f6
4.e5 Nf6d7
5.Bf1d3 c5
6.c3 Nb8c6
7.Ng1e2 cxd4
8.cxd4 Qd8b6
9.Nd2f3 f6
10.exf6 Nd7xf6
11.O-O Bf8d6
12.Ne2c3 Bc8d7
13.Bc1e3 a6
14.a3 O-O
15.Ra1c1 Qb6a5
16.Be3d2 Qa5d8
17.Bd2g5 Qd8e8
18.Qd1d2  { temps }1-0

[Event "Défi"]
[Site "www.echecsemail.com"]
[Date "2026.02.11"]
[Round "1"]
[White "Regor"]
[Black "Rocketman"]
[WhiteElo "1990"]
[BlackElo "2000"]
[Result "1-0"]
1.d4 Ng8f6
2.c4 g6
3.Nb1c3 Bf8g7
4.e4 d6
5.Ng1f3 c5
6.dxc5 Qd8a5
7.Bc1d2 Qa5xc5
8.Bf1d3 a6
9.O-O Nb8c6
10.Bd2e3 Qc5h5
11.Bd3e2 Qh5a5
12.a3 O-O
13.b4 Qa5d8
14.Qd1d2 Nf6g4
15.Be3f4 e5
16.Bf4g3 Nc6d4
17.Nc3d5 Nd4b3
18.Qd2c2 Nb3xa1
19.Rf1xa1 Bc8e6
20.Ra1d1 Ng4h6
21.Nd5e3 f5
22.exf5 Be6xf5
23.Be2d3 Kh8
24.h3 Rf8f7
25.Ne3xf5 Nh6xf5
26.Bg3h2 Qd8e7
27.Rd1e1 Ra8c8
28.Qc2b1 Rc8f8
29.c5 Nf5h4
30.Bd3e4 dxc5
31.bxc5 Nh4xf3
32.Be4xf3 Qe7xc5
33.Qb1e4 Rf8e8
34.Bh2g3 Qc5xa3
35.h4 Rf7d7
36.h5 g5
37.h6 Bg7f6
38.Qe4f5 Qa3e7
39.Bf3h5 Qe7e6
40.Qf5e4 Re8e7
41.Bh5g4 Rd7d4
42.Qe4xd4 exd4
43.Re1xe6 Re7xe6
44.Bg4xe6 b5
45.Kf1 a5
46.Ke2 b4
47.Bg3d6  { temps }1-0

[Event "Défi"]
[Site "www.echecsemail.com"]
[Date "2026.02.11"]
[Round "1"]
[White "Wenoketo"]
[Black "Verson"]
[WhiteElo "1730"]
[BlackElo "1820"]
[Result "1-0"]
1.d4 d5
2.Ng1f3 Ng8f6
3.Bc1f4 e6
4.h3 Bf8d6
5.Bf4xd6 Qd8xd6
6.e3 Nb8d7
7.Bf1e2 O-O
8.O-O c5
9.dxc5 Nd7xc5
10.Nb1d2 b6
11.a3 Bc8b7
12.Ra1c1 e5
13.Nf3h2 Ra8d8
14.b4 Rd8d7
15.bxc5 bxc5
16.a4 d4
17.Nd2c4 Qd6c6
18.Be2f3 e4
19.Nc4e5 Qc6d6
20.Ne5xd7 Qd6xd7
21.Bf3g4 Nf6xg4
22.Qd1xg4 Qd7xa4
23.exd4 cxd4
24.Rf1d1 f5
25.Qg4f4 Qa4c4
26.Nh2f1 Qc4c5
27.Nf1d2 e3
28.Nd2b3 Qc5d5
29.f3 e2
30.Rd1xd4 Qd5e6
31.Rc1e1 Rf8e8
32.Nb3c5 Qe6c6
33.Nc5xb7 Qc6xb7
34.Qf4xf5 Qb7b6
35.Qf5d3 Re8d8
36.c3 Rd8e8
37.Kh1 Qb6b2
38.Rd4d8 Re8xd8
39.Qd3xd8 Kf7
40.Qd8d3 { abandon }1-0

[Event "Eq:modesty-Royal Kids :"]
[Site "www.echecsemail.com"]
[Date "2026.02.11"]
[Round "1"]
[White "Skalfa"]
[Black "Breitenbach"]
[WhiteElo "1870"]
[BlackElo "2250"]
[Result "1/2-1/2"]
1.d4 Ng8f6
2.Ng1f3 c5
3.c3 e6
4.Bc1g5 Nb8c6
5.Nb1d2 cxd4
6.Nf3xd4 Nc6xd4
7.cxd4 Qd8b6
8.Bg5xf6 gxf6
9.e3 Qb6xb2
10.Bf1c4 Bf8b4
11.Ke2 Ke7
12.Ra1b1 Qb2xd2
13.Qd1xd2 Bb4xd2
14.Kxd2 d5
15.Bc4d3 Ra8b8
16.Rh1c1 Bc8d7
17.Rc1c7 Kd6
18.Rc7xb7 Rb8xb7
19.Rb1xb7 a5
20.Rb7a7 a4
21.a3 h6
22.Bd3c2 Rh8b8
23.Bc2xa4 Bd7xa4
24.Ra7xa4 Rb8b2
25.Ke1 e5
26.dxe5 Kxe5
27.g4 Rb2b1
28.Ke2 Rb1h1
29.Ra4a7 Ke6
30.a4 Rh1xh2
31.a5 h5
32.gxh5 Rh2xh5
33.a6 Rh5h4
34.Ra7a8 Rh4a4
35.Kd3 f5
36.Kc3 Kf6
37.Kb3 Ra4a1
38.Kc3 Ra1a4
39.a7 Kg7
40.Kb3 Ra4a1
41.Kc3 Ra1a4
42.Kd3 Kf6
43.Ke2 Ra4a5
{ nul }1/2-1/2

[Event "Défi"]
[Site "www.echecsemail.com"]
[Date "2026.02.11"]
[Round "1"]
[White "Gambitmiau"]
[Black "Bouffon"]
[WhiteElo "1430"]
[BlackElo "1750"]
[Result "0-1"]
1.e4 e5
2.Bf1c4 d6
3.a3 Ng8f6
4.d3 Bf8e7
5.Bc1g5 Nb8d7
6.Ng1f3 O-O
7.O-O c6
8.Nb1c3 a6
9.Nf3h4 h6
10.Bg5xf6 Nd7xf6
11.Nc3e2 Nf6xe4
12.Nh4g6 Rf8e8
13.dxe4 Bc8e6
14.Ng6xe7 Qd8xe7
15.Bc4xe6 Qe7xe6
16.Ne2c3 b5
17.b4 Qe6c4
18.Nc3e2 Ra8d8
19.Qd1d3 Qc4e6
20.Ra1d1 d5
21.exd5 Rd8xd5
22.Qd3g3 Re8d8
23.Rf1e1 Rd5xd1
24.f3 f6
25.Ne2f4 exf4
26.Kf1 Rd1xe1
27.Qg3xe1 Qe6xe1
28.Kxe1 f5
29.Ke2 Kf7
30.g3 fxg3
31.hxg3 g5
32.Ke3 h5
33.c3 Ke6
34.f4 g4
35.Ke2 Kd6
36.Kd2 c5
37.Kc2 cxb4
38.axb4 Rd8e8
39.Kb3 Re8e3
{ abandon }0-1

[Event "BERNARD MAS"]
[Site "www.echecsemail.com"]
[Date "2026.02.11"]
[Round "1"]
[White "Legrillon"]
[Black "Woluwe1975"]
[WhiteElo "1750"]
[BlackElo "1660"]
[Result "0-1"]
1.e4 e6
2.Nb1c3 c6
3.e5 d5
4.exd6 Bf8xd6
5.Ng1f3 Nb8d7
6.d4 Ng8f6
7.Bc1g5 h6
8.Bg5h4 O-O
9.Bf1d3 Rf8e8
10.h3 Qd8c7
11.Qd1d2 Bd6f4
12.Qd2e2 g5
13.Bh4g3 Bf4xg3
14.fxg3 Qc7xg3
15.Kd2 Kg7
16.Ra1f1 b6
17.Kc1 Nf6d5
18.Nc3xd5 cxd5
19.Nf3h2 e5
20.Rf1f3 Qg3xf3
21.gxf3 Bc8b7
22.dxe5 Re8xe5
23.Qe2d2 Nd7c5
24.Nh2g4 Nc5xd3
25.cxd3 Re5f5
26.Qd2c3 Kg6
27.Ng4e5 Kh7
28.d4 Ra8c8
29.Kd2 Rc8xc3
30.bxc3 f6
31.Ne5g4 Rf5xf3
32.Rh1e1 Rf3xh3
33.Re1e7 Kg6
34.Re7xb7 Rh3h4
35.Ng4e3 Rh4h2
36.Kd3 Rh2xa2
37.Ne3xd5 h5
38.Nd5e3 h4
39.Rb7e7 h3
40.Ne3f1 a5
41.d5 h2
42.Nf1g3 Ra2g2
43.Re7e3 Rg2xg3
44.Re3xg3 h1Q
{ abandon }0-1

[Event "Défi"]
[Site "www.echecsemail.com"]
[Date "2026.02.11"]
[Round "1"]
[White "Zanatany"]
[Black "Bournivergne"]
[WhiteElo "2250"]
[BlackElo "2320"]
[Result "0-1"]
1.Ng1f3 g6
2.e4 Bf8g7
3.d4 d6
4.Nb1c3 a6
5.Bf1d3 b5
6.b4 Bc8b7
7.d5 Bg7xc3
{ abandon }0-1

[Event "Tournoi n27456"]
[Site "www.echecsemail.com"]
[Date "2026.02.11"]
[Round "1"]
[White "Fouvolant"]
[Black "Mokanne"]
[WhiteElo "1520"]
[BlackElo "1430"]
[Result "1-0"]
1.e4 e5
2.Ng1f3 d6
3.d4 Nb8d7
4.Bf1c4 f6
5.O-O Nd7b6
6.Bc4b3 Bf8e7
7.Bc1e3 Bc8d7
8.Nb1c3 Bd7g4
9.h3 Bg4d7
10.Rf1e1 h6
11.Nf3h4 c6
12.Qd1h5 { abandon }1-0